000
00250nam a2200097Ia 4500
008
230915s9999 xx 000 0 und d
050
_a
QA152.2.A54 2000
100
_a
ANGEL ALLEN R.
245
0
_a
ELEMENTARY ALGEBRA FOR COLLEGE STUDENTS
942
_c
BK
999
_c
185291
_d
185291